The Community budget for an economic and monetary union /

Guardat en:
Dades bibliogràfiques
Autor principal: Spahn, P. Bernd (Paul Bernd), 1939-
Format: Llibre
Idioma:English
Publicat: Basingstoke, Hampshire : Macmillan, 1993.
Matèries:
LEADER 01170cam a2200289 a 4500
001 c000223109
003 CARM
005 20060821162501.0
008 930112s1993 enka b 001 0 eng d
019 1 |a 9795692  |5 LACONCORD2021 
020 |a 0333586468 
035 |a (OCoLC)29205058  |5 LACONCORD2021 
040 |a ANL  |b eng  |c ANL  |d ANL 
043 |a e------ 
082 0 4 |a 354.400722  |2 20 
100 1 |a Spahn, P. Bernd  |q (Paul Bernd),  |d 1939- 
245 1 4 |a The Community budget for an economic and monetary union /  |c Paul Bernd Spahn. 
260 |a Basingstoke, Hampshire :  |b Macmillan,  |c 1993. 
300 |a xiii, 206 p. ;  |c 23 cm. 
504 |a Includes bibliographical references (p. [184]-193) and index. 
610 2 0 |a European Monetary System (Organization) 
610 2 0 |a European Economic Community  |x Finance. 
650 0 |a Budget  |z European Economic Community countries. 
650 0 |a Taxation  |z European Economic Community countries. 
852 8 |b CARM  |h A2:AN27A0  |i B06395  |p 0312175  |f BK 
999 f f |i 33e50964-09a7-556b-90ea-10e25e2dbc32  |s b51376fe-a323-5e72-976d-515897c0a17f 
952 f f |p Can circulate  |a CAVAL  |b CAVAL  |c CAVAL  |d CARM 1 Store  |e B06395  |f A2:AN27A0  |h Other scheme  |i book  |m 0312175